Oración fúnebre, en las exéquias que el 11 de julio del año 1699 hizo la santa metropolitana iglesia de Valencia ...

Detalles Bibliográficos
Autor principal: PRATS, Antonio
Formato: Libro
Publicado: Valencia 1699
Materias:
Colección:Banco de datos
Acervo:Biblioteca del Ex Convento de Nuestra Señora de Guadalupe. Zacatecas
Tema general:Homilética
Notas:Buena. XIII,1,2 (4416). Encuadernado con nueve obras más
LEADER 00769nam a22001930004500
035 |a 46705 
036 |a 7889 
100 1 |a PRATS, Antonio 
245 1 0 |a Oración fúnebre, en las exéquias que el 11 de julio del año 1699 hizo la santa metropolitana iglesia de Valencia ... 
260 |a Valencia  |b imp. Jaime de Bordazar  |c 1699 
500 |a Buena. XIII,1,2 (4416). Encuadernado con nueve obras más 
650 1 0 |a Homilética 
949 |a CRZ-CG 
959 |a Ex convento de Nuestra Señora de Guadalupe, Museo Regional de Zacatecas, Zacatecas  |b CCC4 
960 |a Convento de Nuestra Señora de Guadalupe, Zacatecas  |b DD87 
961 |a Franciscana  |b OF 
942 |c CRZ-CG 
943 |g Biblioteca del Ex Convento de Nuestra Señora de Guadalupe. Zacatecas 
999 |c 970832  |d 970832